MARC

Tag First Indicator Second Indicator Subfields
LEADER 00000cam a2200000 a 4500
001 in00000005751
005 20150927173033.0
008 990819s1999 gaua b f000 0 eng d
035 |a (OCoLC)42197377 
035 |9 AJJ7445AM 
040 |a DGPO  |c DGPO  |d DLC  |d MvI  |d UtOrBLW 
043 |a n-us-al 
049 |a UDOC 
074 |a 0499-F-16 
086 0 |a HE 20.7125/2:98-0053-2732 
245 0 0 |a Shaw Industries, Stevenson, Alabama. 
264 1 |a [Atlanta, Ga.] :  |b U.S. Dept. of Health and Human Services, Public Health Service, Centers for Disease Control and Prevention, National Institute for Occupational Safety and Health ;  |c [1999] 
264 2 |a [Springfield, Va.] :  |b [National Technical Information Service, distributor], 
300 |a iv, 18 pages :  |b illustrations ;  |c 28 cm. 
336 |a text  |b txt  |2 rdacontent 
337 |a unmediated  |b n  |2 rdamedia 
338 |a volume  |b nc  |2 rdacarrier 
490 1 |a NIOSH health hazard evaluation report ;  |v HETA 98-0053-2732 
500 |a Shipping list number: 99-0312-P. 
500 |a "April 1999"--P. iii. 
504 |a Includes bibliographical references. 
610 2 0 |a Shaw Industries. 
650 0 |a Industrial hygiene  |z Alabama  |z Stevenson. 
650 0 |a Textile fabrics  |x Health aspects  |z Alabama  |z Stevenson. 
650 0 |a Air  |x Pollution  |z Alabama  |z Stevenson. 
710 2 |a National Institute for Occupational Safety and Health. 
830 0 |a NIOSH health hazard evaluation report ;  |v HETA 98-0053-2732. 
999 |a MARS 
999 f f |s d1c88b03-fc27-371e-875b-7b87e9074439  |i a3a8db01-4653-3c6f-b101-da350deed278  |t 0 
952 f f |p normal  |a Texas A&M University  |b College Station  |c Sterling C. Evans Library  |d Evans: US Documents (Annex 5th floor)  |t 0  |e HE 20.7125/2:98-0053-2732  |h Superintendent of Documents classification  |i unmediated -- volume  |m A14826676402 
998 f f |a HE 20.7125/2:98-0053-2732  |t 0  |l Evans: US Documents (Annex 5th floor)